000 00425ntaaa2200169 4500
003 01
005 20251027201727.0
008 0714s1973 ag 01
040 _aAR-BaBN
_bspa
_cAR-BaBN
_eaacr
_dRIC
082 _a234.3000 E25
100 _aEdwards, Jonathan
_915820
245 _aHistoire de l'oeuvre de la redemption
250 _a1 ed.,
_c1854
650 _aregeneración
_915125
650 _aexpiación
_96280
942 _cBK
999 _c11930
_d11930